000 01733nam a22003017a 4500
005 20090727110611.0
008 090608t xxu||||| |||| 00| 0 hin d
010 _aHIN-87522
020 _a9788128812101
_c95.00
035 _aHN-59868
037 _bDBAD / PUB
040 _adpl
_bhn
082 _a973.931092
100 _aतिवारी, राजीव
245 _aबराक ओबामाः
_cराजीव तिवारी
_bअमेरिका के प्रथम अश्वेत राष्ट्रपति /
246 _aBarack Obama: America ke prathama ashweta raashtrapati
_bby Rajesh Tiwari
260 _aनई दिल्ली
_bडायमंड पॉकेट बुक्स
_c2009
270 _aएक्स-30, ओखला इंडस्ट्रियल एरिया, फेज-2
_bनई दिल्ली
_e110020
_k011-41611861, 40712100
_l011-41611866
_msales@dpb.in
300 _a200पृ.
_c22सेमी (अजिल्द)
_bसचित्र
600 _aओबामा, बराक
600 _aObama, Barack
650 _aअफ्रीकी अमरीकी
_xजीवनी
650 _aAfrican Americans
_xBiography |Presidents --Biography --United States
650 _aराष्ट्रपति
_xजीवनी
_zसंयुक्त राष्ट्र अमेरिका
650 _aPresidents
_xBiography
_zUnited States
942 _2ddc
_cHN
_mतिवारी
_h973.931092
999 _c28691
_d28691